The green studio handbook: environmental strategies for schematic design (Record no. 76007)
[ view plain ]
| 000 -LEADER | |
|---|---|
| fixed length control field | 00958nam a2200205 a 4500 |
| 008 - FIXED-LENGTH DATA ELEMENTS--GENERAL INFORMATION | |
| fixed length control field | 100119s2007 ||||||||||||||||| || u |
| 020 ## - INTERNATIONAL STANDARD BOOK NUMBER | |
| International Standard Book Number | 9780750680226 |
| 050 ## - LIBRARY OF CONGRESS CALL NUMBER | |
| Classification number | NA 2542.35 Kwo |
| 100 ## - MAIN ENTRY--PERSONAL NAME | |
| Personal name | Kwok, Alison G |
| 245 14 - TITLE STATEMENT | |
| Title | The green studio handbook: environmental strategies for schematic design |
| Statement of responsibility, etc. | by Alison G. Kwok and Walter T. Grondzik |
| 260 ## - PUBLICATION, DISTRIBUTION, ETC. | |
| Place of publication, distribution, etc. | Amsterdam |
| Name of publisher, distributor, etc. | Elsevier |
| Date of publication, distribution, etc. | 2007 |
| 300 ## - PHYSICAL DESCRIPTION | |
| Extent | x, 378p.: ill. |
| 350 ## - | |
| -- | 0.00 |
| 650 ## - SUBJECT ADDED ENTRY--TOPICAL TERM | |
| Topical term or geographic name entry element | ARCHITECTURAL DESIGN--EVALUATION |
| 650 ## - SUBJECT ADDED ENTRY--TOPICAL TERM | |
| Topical term or geographic name entry element | ARCHITECTURE--ENVIRONMENTAL ASPECTS |
| 650 ## - SUBJECT ADDED ENTRY--TOPICAL TERM | |
| Topical term or geographic name entry element | ARCHITECTURE--DESIGNS AND PLANS |
| 700 ## - ADDED ENTRY--PERSONAL NAME | |
| Personal name | Grondzik, Walter T |
| 995 ## - | |
| -- | MAIN LIBRARY OPEN ACCESS |
| -- | 0.00 |
| -- | 741062 |
| -- | CBU-MAIN LIBRARY (Kitwe) |
| -- | 1 |
| -- | 0.00 |
| -- | NA 2542.35 KWO |
| -- | 1 |
| -- | AVAILABLE |
| -- | Mar 10, 2010 |
| -- | 741062 |
| -- | Main Library Open Access Collection |
| 995 ## - | |
| -- | MAIN LIBRARY OPEN ACCESS |
| -- | 742855 |
| -- | CBU-MAIN LIBRARY (Kitwe) |
| -- | 0.00 |
| -- | NA 2542.35 Kwo |
| -- | 2 |
| -- | AVAILABLE |
| -- | Jun 15, 2012 |
| -- | 742855 |
| -- | Main Library Open Access Collection |
| 999 ## - | |
| -- | 76007 |
| -- | 76007 |
| Withdrawn status | Lost status | Source of classification or shelving scheme | Damaged status | Not for loan | Permanent Location | Current Location | Shelving location | Date acquired | Total Checkouts | Full call number | Barcode | Date last seen | Date last checked out | Copy number | Price effective from | Koha item type | Total Renewals |
|---|---|---|---|---|---|---|---|---|---|---|---|---|---|---|---|---|---|
| CBU-MAIN LIBRARY, KITWE. | CBU-MAIN LIBRARY, KITWE. | 04/25/2023 | 3 | NA 2542.35 Kwo | 741062 | 02/18/2026 | 02/18/2026 | 1 | 04/25/2023 | MONOGRAPH | |||||||
| CBU-MAIN LIBRARY, KITWE. | CBU-MAIN LIBRARY, KITWE. | 04/25/2023 | 3 | NA 2542.35 Kwo | 742855 | 01/30/2026 | 01/15/2026 | 2 | 04/25/2023 | MONOGRAPH | 1 |